000 00510nam a2200181Ia 4500
008 090124s9999 xx 000 0 und d
082 _b127447
100 _aखांडेकर वि.स.
245 _a जळलेला मोहर
250 _a3
260 _c1997
300 _a136
600 _aखांडेकर वि.स.
630 _a जळलेला मोहर
700 _aखांडेकर वि.स.
730 _a जळलेला मोहर
942 _cBOOK
999 _c173536
_d173536